| 000 | 01649nam a2200277Ia 4500 | ||
|---|---|---|---|
| 999 |
_c52951 _d52951 |
||
| 001 | 19982 | ||
| 003 | GE_BSU | ||
| 005 | 20210330115747.0 | ||
| 008 | 181216s2017||||ge |||||||||||||| ||geo|| | ||
| 040 | _cGE_BSU | ||
| 041 | _ageo | ||
| 080 | _a61 გ-26 | ||
| 100 |
_aგეგენავა, ხათუნა _910832 |
||
| 245 |
_aსმენის ფუნქცია თამბაქოს მომხმარებლებში: საქართველოს მონაცემები / _cხათუნა გეგენავა; თბილისის სახელმწიფო სამედიცინო უნივერსიტეტი; |
||
| 264 |
_aთბილისი, _c2017 |
||
| 300 |
_a83 გვ.: _b ილ., _c30 სმ. |
||
| 653 | _aდისერტაცია | ||
| 653 | _aთამბაქოს მოხმარება | ||
| 653 | _aსმენის ფუნქციის დაქვეითება | ||
| 653 | _aმედიცინა | ||
| 653 | _aსმენის ფუნქცია თამბაქოს მომხმარებლებში: საქართველოს მონაცემები | ||
| 700 |
_aჯაფარიძე, შ. _eსამეცნიერო ხელმძღვანელი _93626 |
||
| 700 |
_a ქევანიშვილი, ზურაბ _eსამეცნიერო ხელმძღვანელი _910833 |
||
| 710 |
_aთბილისის სახელმწიფო სამედიცინო უნივერსიტეტი _99697 |
||
| 942 |
_cBK _2udc |
||